000 00570nam a2200181Ia 4500
008 090124s9999 xx 000 0 und d
082 _b117218
100 _aपंडित मुकुंद
245 _a भाऊ बेलदाराची बारी
250 _a1
260 _c1977
300 _a132
600 _aपंडित मुकुंद
630 _a भाऊ बेलदाराची बारी
700 _aपंडित मुकुंद
730 _a भाऊ बेलदाराची बारी
942 _cBOOK
999 _c163304
_d163304